000 00613nam a2200241Ia 4500
003 OSt
005 20221007115528.0
006 a|||||r|||| 00| 0
007 ta
008 221006b |||||||| |||| 00| 0 eng d
024 _a37,351
037 _cTextual
040 _aLCO
_cLCO
_beng
041 _2eng
_aeng
082 _aX:517:(Z2), Q4
100 _aRAMAPPA (T.)
_9465827
245 0 _aCompetition Law in India
_b Policy, Issues, and Developments
250 _a3rd
260 _c2014
300 _a355
942 _hX:517:(Z2), Q4
_cTEXL
999 _c1206914
_d1206914